000
00307nam a2200097Ia 4500
082
_a
EF FITZ
245
0
_a
The great Gatsby : novel and study notes
100
_a
Fitzgerald, F. Scott , 1896-1940 Cape Town, [South Africa], [c.2008]
_9
68712
942
_c
BK
008
210817s9999 xx 000 0 und d
999
_c
222036
_d
222035